| 000 | 00731nam a2200217 a 4500 | ||
|---|---|---|---|
| 001 | 17963 | ||
| 003 | CO-ViMGA | ||
| 008 | 141112s2004 ck r 000 u spa d | ||
| 020 | _a9581500340 | ||
| 040 |
_aCO-ViMGA _bspa _cCO-ViMGA |
||
| 082 | 0 | 4 | _a635.21 G653m |
| 100 | 1 |
_aGomez Granados, Luis Enrique; Ramirez Fajardo, Jesus Maria _925441 |
|
| 110 |
_aSena - Colombia ; Natrual Resources Institute _925442 |
||
| 245 | 1 | 0 | _aManejo post - cosecha y comercialización de la Papa |
| 260 |
_aArmenia (Colombia), _cSena, _c1999 |
||
| 490 | _aPauqetes de capacitación | ||
| 590 | _aForma de adquisición : Premio - Mincultura | ||
| 650 | 1 | 4 |
_aPAPA - MANEJO POST - COSECHA _925443 |
| 650 | 1 | 4 |
_aPAPA - MERCADEO _925444 |
| 942 |
_2ddc _cBK |
||
| 999 |
_c27358 _d27358 |
||